000 00411nam a2200181Ia 4500
008 220531s9999 xx 000 0 und d
041 _aeng
082 _a332.678
_bICW
100 _aIcw
_964823
245 _aGuide To Investors
250 _a1ST
260 _aKolkata
_bICWAI
_c2009
300 _a216
542 _d21-04-2010
650 _aAccountancy
_964824
906 _d2010-2011
999 _c36739
_d36739